Koncepčný návrh pracovného zariadenia pásového rýpadla a dizajnu nadstavby

Gespeichert in:
Bibliographische Detailangaben
1. Verfasser: Michalík, Ivan (Verfasst von)
Weitere Verfasser: Slovák, Pavol (Betreuung Doktorarbeit)
Format: Manuskript Buch
Sprache:Slowakisch
Veröffentlicht: 2025
Schlagworte:
Online-Zugang:http://is.stuba.sk/zp/portal_zp.pl?podrobnosti=171396
Tags: Tag hinzufügen
Keine Tags, Fügen Sie das erste Tag hinzu!

MARC

LEADER 00000ntm a22000003a 4500
001 stuzp105400
003 SK-STU
005 20250621210541.1
007 ta
008 150427s2015----xo-----f-mn---000-0-slo-d
040 |a STU  |b slo 
041 0 |a slo 
100 1 |a Michalík, Ivan  |u 020030  |4 aut  |U SjF Strojnícka fakulta  |T SjF Ústav automobilového inžinierstva a konštruovania  |X 98705  |U J0030  |Y 806  |7 98705 
242 0 1 |a Conceptual design of crawler excavator working equipment and superstructure design  |y eng 
245 1 0 |a Koncepčný návrh pracovného zariadenia pásového rýpadla a dizajnu nadstavby 
260 |c 2025 
650 4 |a rypná sila  |2 slo 
650 4 |a stabilita  |2 slo 
650 4 |a rýpadlo  |2 slo 
650 4 |a lineárny hydromotor  |2 slo 
650 4 |a koncepčný návrh  |2 slo 
650 4 |a Excavator  |2 eng 
650 4 |a linear hydraulic motor  |2 eng 
650 4 |a conceptual design  |2 eng 
650 4 |a excavating force  |2 eng 
650 4 |a stability  |2 eng 
700 1 |a Slovák, Pavol  |u 020030  |k Z1  |4 ths  |U SjF Strojnícka fakulta  |T SjF Ústav automobilového inžinierstva a konštruovania  |X 2338  |U J0030  |Y 806  |7 A000002338 
856 4 |u http://is.stuba.sk/zp/portal_zp.pl?podrobnosti=171396